000
00455nam a2200133Ia 4500
008
151001s9999||||xx |||||||||||||| ||und||
100
_a
ए के मिश्रा
245
_a
हिंदी व्याकरण एवं रचना विकार
250
_a
1
260
_b
इम्प्रेशन्स पब्लिशिंग कंपनी कर्नाटक
260
_c
2009
300
_a
486
365
_b
21
999
_c
993814
_d
993811